Finanzas corporativas: enfoque central
Guardat en:
| Autors principals: | , |
|---|---|
| Format: | Llibre |
| Idioma: | espanyol |
| Publicat: |
Cuernavaca
Cengage Learning Editores S. A
2018
|
| Edició: | 1a. ed |
| Matèries: | |
| Etiquetes: |
Afegir etiqueta
Sense etiquetes, Sigues el primer a etiquetar aquest registre!
|
MARC
| LEADER | 00000cam a2200000 a 4500 | ||
|---|---|---|---|
| 001 | UCC4212 | ||
| 003 | CL-VaPUC | ||
| 008 | 180720e20180000mx |||||||||||||||||spa|d | ||
| 020 | |a 9786075264196 | ||
| 082 | 0 | 4 | |a 658.15 |b BRI |2 21 |
| 100 | 0 | |a Brigham, Eugene F |e author |9 598353 | |
| 700 | 0 | |a Ehrhardt, Michael C |e author |9 598354 | |
| 245 | 1 | 0 | |a Finanzas corporativas: enfoque central |
| 250 | |a 1a. ed | ||
| 300 | |a 847 p | ||
| 942 | |c BK | ||
| 945 | |d 20180720 14:27:00 |a dcastane | ||
| 260 | |a Cuernavaca |b Cengage Learning Editores S. A |c 2018 | ||
| 650 | 0 | |a Administración financiera |9 261146 | |
| 650 | 0 | |a Administración de empresas |9 260833 | |
| 650 | 0 | |a Planificación estratégica |9 259735 | |
| 650 | 0 | |a Control presupuestario |9 345693 | |
| 583 | |a last modification |c 20180720 14:27:00 |k Rodrigo Vera | ||
| 999 | |c 371765 |d 371763 | ||
| 952 | |0 0 |1 0 |3 erb |4 0 |6 658_150000000000000_BRI_2018 |7 0 |8 A |9 488942 |a BIBGIM |b BIBGIM |i 5481597 |l 1 |o 658.15 BRI 2018 |p 5481597 |r 2025-01-15 |s 2024-06-19 |w 2019-11-24 |y BK |z Catalogado en:20180720 |k COM | ||
| 952 | |0 0 |1 0 |3 erb |4 0 |6 658_150000000000000_BRI_2018 |7 0 |8 A |9 488943 |a BIBGIM |b BIBGIM |i 5481589 |l 1 |o 658.15 BRI 2018 |p 5481589 |r 2025-01-15 |s 2023-07-10 |w 2019-11-24 |y BK |z Catalogado en:20180720 |k COM | ||
| 952 | |0 0 |1 0 |3 erb |4 0 |6 658_150000000000000_BRI_2018 |7 0 |8 A |9 488944 |a BIBGIM |b BIBGIM |i 5481570 |o 658.15 BRI 2018 |p 5481570 |r 2025-01-15 |w 2019-11-24 |y BK |z Catalogado en:20180720 |k COM | ||
| 952 | |0 0 |1 0 |3 erb |4 0 |6 658_150000000000000_BRI_2018 |7 0 |8 A |9 488945 |a BIBGIM |b BIBGIM |i 5481562 |l 3 |m 4 |o 658.15 BRI 2018 |p 5481562 |r 2025-01-15 |s 2024-05-08 |w 2019-11-24 |y BK |z Catalogado en:20180720 |k COM | ||
| 952 | |0 0 |1 0 |3 erb |4 0 |6 658_150000000000000_BRI_2018 |7 0 |8 A |9 488946 |a BIBGIM |b BIBGIM |i 5481554 |l 4 |m 7 |o 658.15 BRI 2018 |p 5481554 |r 2025-01-15 |s 2024-05-13 |w 2019-11-24 |y BK |z Catalogado en:20180720 |k COM | ||